|
|
|
|
| LEADER |
00774nam a2200217 a 4500 |
| 001 |
GR-MES2497 |
| 008 |
991111s1996 gr 000 b eng d |
| 020 |
|
|
|a 0706986776
|
| 040 |
|
|
|a GrPaTEI
|b gre
|c GR-PaULI
|
| 245 |
0 |
2 |
|a A textbook of modern plant pathology.
|
| 260 |
|
|
|a New Delhi :
|b Vikas,
|c 1996
|
| 300 |
|
|
|a 344σελ. :
|b εικ.,πιν.
|
| 650 |
|
4 |
|a Παθολογία
|
| 650 |
|
4 |
|a Φυτά
|x Καλλιέργεια
|
| 700 |
1 |
|
|a Bilgrami, K. S.
|
| 700 |
1 |
|
|a Dube, H.
|
| 710 |
0 |
|
|a Vikas
|
| 942 |
|
|
|2 ddc
|
| 952 |
|
|
|0 0
|1 0
|2 ddc
|4 0
|6 571_920000000000000_BIL
|7 0
|9 266897
|a MSLG
|b MSLG
|c BSC
|d 2021-01-17
|e 24
|f 0
|g 0.00
|l 0
|o 571.92 BIL
|p 2420000012311
|r 2021-01-17 00:00:00
|t 1
|w 2021-01-17
|y BK15
|x 19991111 0 1
|x GrPaTEI
|
| 971 |
|
|
|a .b25735421
|b 22-07-20
|c 13-09-16
|
| 999 |
|
|
|c 153594
|d 153594
|